000
00172nam a22000857a 4500
999
_c
12462
_d
12462
082
_a
791.456
100
_a
Shahzado Shaikh
245
_a
The Pure Truth: Al Ikhlas
942
_c
BK